FIVB Volleyball World League Top 4 Positions - Statistics

General Stats
  • This quiz has been taken 124 times
  • The average score is 13 of 17
Answer Stats
Campeão % Correct
Brazil
100%
Italy
97%
United States
97%
Russia
95%
Poland
93%
Serbia
90%
France
87%
Argentina
83%
Cuba
80%
Canada
79%
Bulgaria
78%
Netherlands
78%
Soviet Union
65%
Czech Republic
64%
Yugoslavia
64%
Iran
59%
Serbia and Montenegro
34%
No matching quizzes found
Score Distribution
Percent of People with Each Score
Percentile by Number Answered
Your Score History
You have not taken this quiz